000 00603nam a22001577a 4500
005 20120420152711.0
020 _a8186030662
_c00.00
035 _aA-944319
037 _aDPL
_bENG
100 _aMisra, R.P.
_945515
245 _aUrbanization in India :
_bChallenges and opportunities /
_cby R.P. Misra
260 _aNew Delhi
_bRegency Publications
_c1998
300 _aIII, 106p.
_c20 cms.
942 _2ddc
_cEN
_h307.1214
_mMIS
999 _c65392
_d65392